| 000 | 00346nam a2200145Ia 4500 | ||
|---|---|---|---|
| 008 | 200615s9999||||xx |||||||||||||| ||und|| | ||
| 020 | _a9798174464735 | ||
| 082 |
_a650 _bBUS-B |
||
| 100 | _aBANSAL,CL | ||
| 245 | 0 | _aBUSINESS AND CORPORATE LAWS | |
| 250 | _a8174464735 | ||
| 260 |
_anew delhi _bEXCEL BOOKS _c2017 |
||
| 300 | _a350 | ||
| 942 | _cBK | ||
| 999 |
_c26347 _d26347 |
||